Matemàtiques : PPACFGS PPACFGS
Publicado:
Barcelona :
Diputació de Barcelona. Àrea d'Educació. Gerència de serveis d'Educació, Centre de Formació d'Adults Can Batlló, [2009]-
Descripción Física:
29 cm
Materias:
Matemàtica -- Problemes, exercicis, etc.
MARC
| LEADER | 00000nam a2200000Ia 4500 | ||
|---|---|---|---|
| 001 | 22199 | ||
| 008 | 160829s9999 xx 000 0 cat d | ||
| 080 | |a E-1-363 | ||
| 245 | |a Matemàtiques : |b PPACFGS | ||
| 260 | |a Barcelona : |b Diputació de Barcelona. Àrea d'Educació. Gerència de serveis d'Educació, Centre de Formació d'Adults Can Batlló, [2009]- | ||
| 300 | |a 29 cm | ||
| 590 | |a Preparació a la prova d'accés a Cicles Formatius de Grau Superior | ||
| 650 | |a Matemàtica |x Problemes, exercicis, etc. |9 50139 | ||
| 710 | |a Barcelona (Catalunya : Província). |b Gerència de Serveis d'Educació |9 52167 | ||
| 710 | 2 | |a Centre de Formació d'Adults Can Batlló |9 55011 | |
| 866 | |a Curs: 2009 - 2010 | ||
| 901 | |a Arxiu | ||
| 942 | |n 1 | ||
| 952 | |0 0 |1 0 |4 0 |6 E1363 |7 1 |9 48370 |a Arxiu |b Arxiu |d 2016-12-01 |l 0 |o E-1-363 |p 22199 |r 2016-12-01 00:00:00 |w 2016-12-01 |y ARXIU | ||
| 999 | |c 52176 |d 52176 | ||